<?xml version="1.0" encoding="UTF-8"?>
<record
    xmlns:xsi="http://www.w3.org/2001/XMLSchema-instance"
    xsi:schemaLocation="http://www.loc.gov/MARC21/slim http://www.loc.gov/standards/marcxml/schema/MARC21slim.xsd"
    xmlns="http://www.loc.gov/MARC21/slim">

  <leader>01817nam a22002177a 4500</leader>
  <controlfield tag="005">20220221094956.0</controlfield>
  <controlfield tag="008">220218b           ||||| |||| 00| 0 eng d</controlfield>
  <datafield tag="020" ind1=" " ind2=" ">
    <subfield code="a">9789391234638</subfield>
  </datafield>
  <datafield tag="040" ind1=" " ind2=" ">
    <subfield code="c">AL</subfield>
  </datafield>
  <datafield tag="041" ind1=" " ind2=" ">
    <subfield code="a">English</subfield>
  </datafield>
  <datafield tag="082" ind1=" " ind2=" ">
    <subfield code="2">23</subfield>
    <subfield code="b">IRAL</subfield>
    <subfield code="a">820.33</subfield>
  </datafield>
  <datafield tag="100" ind1=" " ind2=" ">
    <subfield code="a">Smriti Zubin Irani</subfield>
    <subfield code="9">21329</subfield>
  </datafield>
  <datafield tag="245" ind1=" " ind2=" ">
    <subfield code="a">Lal Salaam: A Novel</subfield>
  </datafield>
  <datafield tag="260" ind1=" " ind2=" ">
    <subfield code="a">Chennai</subfield>
    <subfield code="b">Westland Publications Private Limited</subfield>
    <subfield code="c">2021</subfield>
  </datafield>
  <datafield tag="300" ind1=" " ind2=" ">
    <subfield code="a">254 p.</subfield>
    <subfield code="b">PB</subfield>
    <subfield code="c">21x14 cm.</subfield>
  </datafield>
  <datafield tag="365" ind1=" " ind2=" ">
    <subfield code="a">BLCR-000122</subfield>
    <subfield code="b">&#x20B9;319.20</subfield>
    <subfield code="c">&#x20B9;</subfield>
    <subfield code="d">&#x20B9;399.00</subfield>
    <subfield code="e">20%</subfield>
    <subfield code="f">15-02-2022</subfield>
  </datafield>
  <datafield tag="520" ind1=" " ind2=" ">
    <subfield code="a">The manner of his arrival in the dusty little village of Ambuja, in Chhattisgarh, instantly establishes SP Vikram Singh as a man to watch out for. Over the next few weeks, as he attempts to bring order to a long-neglected police station and motivate his less-than-enthusiastic crew, Vikram can feel those eyes everywhere, following his every move, watching and waiting for the first misstep. At stake for him is the truth behind the vengeful killing of his old friend and fellow officer, Darshan&#x2014;and the very idea of justice.
Vikram knows he cannot rest until he solves the case, but every day there is a new challenge: a local businessman with vested interests in both bureaucracy and Naxalism, an influential academic in Delhi at whose doorstep the trail runs cold, a young widow and her journalist friend, who quickly take centre stage in his vexed new life.
Inspired by the unfortunate killings of seventy-six CRPF personnel in Dantewada in April 2010, Lal Salaam seeks to humanise the daily conflicts and ethical dilemmas that confront people in the poorest and most troubled regions of our country. It is also a story of the brave men who serve the law even when the law fails to serve them.</subfield>
  </datafield>
  <datafield tag="650" ind1=" " ind2=" ">
    <subfield code="a">Novel</subfield>
    <subfield code="9">20939</subfield>
  </datafield>
  <datafield tag="700" ind1=" " ind2=" ">
    <subfield code="a">IRANI (Smriti Zubin)</subfield>
    <subfield code="9">20940</subfield>
  </datafield>
  <datafield tag="942" ind1=" " ind2=" ">
    <subfield code="2">ddc</subfield>
    <subfield code="c">BK</subfield>
  </datafield>
  <datafield tag="999" ind1=" " ind2=" ">
    <subfield code="c">221568</subfield>
    <subfield code="d">221568</subfield>
  </datafield>
  <datafield tag="952" ind1=" " ind2=" ">
    <subfield code="0">0</subfield>
    <subfield code="1">0</subfield>
    <subfield code="2">ddc</subfield>
    <subfield code="4">0</subfield>
    <subfield code="7">0</subfield>
    <subfield code="8">PS</subfield>
    <subfield code="a">AL</subfield>
    <subfield code="b">AL</subfield>
    <subfield code="d">2022-02-16</subfield>
    <subfield code="e">NavaKarnataka Publications Pvt.Ltd</subfield>
    <subfield code="g">319.20</subfield>
    <subfield code="l">7</subfield>
    <subfield code="o">820.33 IRAL</subfield>
    <subfield code="p">075446</subfield>
    <subfield code="r">2026-01-02 12:43:28</subfield>
    <subfield code="s">2025-12-17</subfield>
    <subfield code="v">399.00</subfield>
    <subfield code="w">2022-02-18</subfield>
    <subfield code="y">BK</subfield>
  </datafield>
</record>
